Panchayati raj system in Orissa: problems and prospects (Record no. 27489)

000 -LEADER
fixed length control field 00434pab a2200145 454500
008 - FIXED-LENGTH DATA ELEMENTS--GENERAL INFORMATION
fixed length control field 180718b xxu||||| |||| 00| 0 eng d
100 ## - MAIN ENTRY--PERSONAL NAME
Personal name Bhargava B.S.
245 ## - TITLE STATEMENT
Title Panchayati raj system in Orissa: problems and prospects
362 ## - DATES OF PUBLICATION AND/OR SEQUENTIAL DESIGNATION
Dates of publication and/or sequential designation 3(3-4), Jul-Sep/Oct-Dec 1993, p.190-209
650 ## - SUBJECT ADDED ENTRY--TOPICAL TERM
Topical term or geographic name entry element Village Panchayats -- India
650 ## - SUBJECT ADDED ENTRY--TOPICAL TERM
Topical term or geographic name entry element Panchayat -- India -- Orissa
700 ## - ADDED ENTRY--PERSONAL NAME
Personal name Samal Kashinath
773 ## - HOST ITEM ENTRY
Main entry heading ISDA Journal
909 ## -
-- 27489
Holdings
Withdrawn status Lost status Damaged status Not for loan Permanent Location Current Location Date acquired Barcode Date last seen Price effective from Koha item type
        Indian Institute of Public Administration Indian Institute of Public Administration 2018-07-19 AR27591 2018-07-19 2018-07-19 Articles

Powered by Koha